Statistiques concernant 50 pays les plus peuplés - Dans l'ordre

Cliquez ici pour prendre le quiz!

Statistiques générales

  • Ce quiz a été pris 41 848 fois
  • Le résultat moyen est 16 sur 50

Statistiques - réponses

Pop.Country% Correct
1 455Chine
100%
1 399Inde
98%
334États-Unis
91%
278Indonésie
79%
215Brésil
73%
146Russie
72%
67,7France
69%
227Pakistan
69%
126Japon
64%
213Nigeria
60%
84,2Allemagne
57%
131Mexique
50%
167Bangladesh
49%
60,3Italie
45%
119Éthiopie
41%
98,6Viêt Nam
37%
85,6Turquie
36%
46,8Espagne
34%
68,4Royaume-Uni
34%
30,7Yémen
34%
112Philippines
32%
105Égypte
31%
85,5Iran
26%
28,3Venezuela
26%
55,4Kenya
25%
70,0Thaïlande
21%
43,4Ukraine
21%
38,2Canada
19%
93,4R. D. Congo
19%
45,8Argentine
18%
62,1Tanzanie
17%
60,4Afrique du Sud
15%
51,6Colombie
15%
51,3Corée du Sud
15%
47,8Ouganda
15%
45,0Algérie
14%
37,8Pologne
12%
54,9Birmanie
10%
38,1Maroc
10%
41,5Irak
9%
45,3Soudan
9%
32,0Ghana
8%
34,1Ouzbékistan
8%
33,6Pérou
8%
32,9Malaisie
6%
40,2Afghanistan
5%
35,6Arabie Saoudite
5%
29,9Népal
5%
34,3Angola
4%
32,5Mozambique
3%

Distribution des résultats

Percentile par nombre de réponses

% des personnes avec chaque résultat

Votre développement - résultats

Vous n’avez pas pris ce quiz